00389nam a22000977a 4500008004100000050002700041100002500068245012900093260005500222300001400277210210b xxu||||| |||| 00| 0 eng d aGMB0217b.A93 2015 c.1 aAyayo, Erick Onyango aStrategic factors affecting the implementation of Nyandarua county integrated development plan, Kenya cErick Onyango Ayayo  aKabarak, Nakuru, Kenya bKabarak University c2015 a72 leaves